Geography Quiz

Random Geography or Flags Quiz

'F' in Geography Quiz Stats

 Plays Quiz Updated Sep 29, 2017

Also try: 'G' in Geography
Challenge
Share
Tweet
Score 0/16 Timer 05:00
20 Plays Today
Question Answer % Correct
Can you name the country whose flag is in the images above?Finland
97%
Can you name the US State whose outline is in the images above?Florida
95.2%
Which Pacific island nation is the fourth largest, by population, in Oceania?Fiji
90.3%
Which active volcano is the highest mountain in Japan at 3,776m?Fuji
87.2%
What name is given to people from the Philippines as well as the language they speak?Filipino
85.1%
Which Italian city is the capital of the province of the same name and also the region of Tuscany?Florence
83%
Which city is Germany's fifth largest and the largest financial center in continental Europe?Frankfurt
81.9%
Can you name the geographical feature in the images above?Fjord
79.6%
Question Answer % Correct
Can you name the group of islands in the images above?Falkland Islands
79.3%
Which city is Morocco's third largest and gives its name to a round, red hat?Fes
77.8%
What currency unit is no longer used in its country of origin but still largely used across Africa?Franc
73.7%
What is the name of the language largely spoken in Iran and is also known as Persian?Farsi
69.8%
What name is given to the Dutch-speaking northern region of Belgium?Flanders
65.5%
Which archipelago under Danish sovereignty, lies approximately 200 miles north of the UK?Faroe Islands
62.1%
Which Japanese prefecture was affected by the 2011 Earthquake and resulting nuclear incident?Fukushima
53.3%
What is the name of the largest overseas region of France?French Guiana
38.7%

You're not logged in!

Compare scores with friends on all Sporcle quizzes.
OR
Log In

You Might Also Like...

Show Comments

Extras

Top Quizzes Today


Score Distribution

Your Account Isn't Verified!

In order to create a playlist on Sporcle, you need to verify the email address you used during registration. Go to your Sporcle Settings to finish the process.

Report this User

Report this user for behavior that violates our Community Guidelines.

Details: